<?xml version="1.0" encoding="UTF-8"?>
<record
    xmlns:xsi="http://www.w3.org/2001/XMLSchema-instance"
    xsi:schemaLocation="http://www.loc.gov/MARC21/slim http://www.loc.gov/standards/marcxml/schema/MARC21slim.xsd"
    xmlns="http://www.loc.gov/MARC21/slim">

  <leader>03775cam a2200349   4500500</leader>
  <controlfield tag="005">20260517000336.0</controlfield>
  <datafield tag="041" ind1=" " ind2=" ">
    <subfield code="a">fre</subfield>
  </datafield>
  <datafield tag="042" ind1=" " ind2=" ">
    <subfield code="a">dc</subfield>
  </datafield>
  <datafield tag="100" ind1="1" ind2="0">
    <subfield code="a">Zaugg, Vincent</subfield>
    <subfield code="e">author</subfield>
  </datafield>
  <datafield tag="700" ind1="1" ind2="0">
    <subfield code="a">Savoldelli, Virginie</subfield>
    <subfield code="e">author</subfield>
  </datafield>
  <datafield tag="700" ind1="1" ind2="0">
    <subfield code="a">Sabatier, Brigitte</subfield>
    <subfield code="e">author</subfield>
  </datafield>
  <datafield tag="700" ind1="1" ind2="0">
    <subfield code="a">Durieux, Pierre</subfield>
    <subfield code="e">author</subfield>
  </datafield>
  <datafield tag="245" ind1="0" ind2="0">
    <subfield code="a">Am&#xE9;liorer les pratiques et l'organisation des soins&#xA0;: m&#xE9;thodologie des &#xE9;tudes d'interventions</subfield>
  </datafield>
  <datafield tag="260" ind1=" " ind2=" ">
    <subfield code="c">2014.
							</subfield>
  </datafield>
  <datafield tag="500" ind1=" " ind2=" ">
    <subfield code="a">13</subfield>
  </datafield>
  <datafield tag="520" ind1=" " ind2=" ">
    <subfield code="a">Des interventions destin&#xE9;es &#xE0; am&#xE9;liorer les pratiques professionnelles ou l&#x2019;organisation des soins sont r&#xE9;guli&#xE8;rement mises en place dans tous les syst&#xE8;mes de sant&#xE9;. Leur efficacit&#xE9; sur la qualit&#xE9; des soins doit imp&#xE9;rativement &#xEA;tre &#xE9;valu&#xE9;e avant leur g&#xE9;n&#xE9;ralisation. Il est possible pour cela de conduire des &#xE9;tudes d&#x2019;interventions, qui doivent respecter une m&#xE9;thodologie rigoureuse afin de fournir des r&#xE9;sultats d&#x2019;un niveau de preuve suffisant. Cet article en d&#xE9;crit les principales &#xE9;tapes, de la formulation de la question de recherche &#xE0; la r&#xE9;daction de l&#x2019;article, en passant par la d&#xE9;finition de l&#x2019;intervention, le choix du&#xA0;sch&#xE9;ma d&#x2019;&#xE9;tude et l&#x2019;&#xE9;valuation des crit&#xE8;res de jugement. Il&#xA0;aborde &#xE9;galement les aspects m&#xE9;thodologiques propres aux &#xE9;tudes d&#x2019;interventions visant &#xE0; am&#xE9;liorer la qualit&#xE9; des soins, tels que la randomisation collective ou l&#x2019;utilisation de sch&#xE9;mas dits quasi-exp&#xE9;rimentaux. L&#x2019;une des particularit&#xE9;s de ce type d&#x2019;&#xE9;tudes est que les cibles des interventions sont les professionnels de sant&#xE9; alors que les b&#xE9;n&#xE9;ficiaires en sont les patients. La&#xA0;connaissance des sp&#xE9;cificit&#xE9;s des &#xE9;tudes d&#x2019;interventions destin&#xE9;es &#xE0; am&#xE9;liorer les pratiques et l&#x2019;organisation des soins est indispensable, que ce soit pour r&#xE9;aliser une &#xE9;tude de qualit&#xE9;, ou pour &#xE9;valuer le niveau de preuve d&#x2019;&#xE9;tudes publi&#xE9;es dans la&#xA0;litt&#xE9;rature.</subfield>
  </datafield>
  <datafield tag="520" ind1=" " ind2=" ">
    <subfield code="a">Improving health care practices and organization: methodology for intervention studiesInterventions designed to improve professional practices and healthcare organization are regularly implemented in all health systems. Their effectiveness on quality of care should be properly evaluated prior to their widespread implementation. Intervention studies can be conducted for this purpose according to a rigorous methodology in order to provide results with a good level of evidence. This article describes the main phases of an intervention study, including definition of the intervention, choice of study design, outcomes assessment, and writing of the report. It also addresses methodological issues of intervention studies designed to improve quality of care, such as cluster-randomization or the use of quasi-experimental designs. One of the specific features of these studies is that professionals are the targets, while patients are the beneficiaries of the intervention. A good knowledge of the specific features of studies designed to improve quality of care is essential to conduct research, or to evaluate the quality of the evidence from published studies.</subfield>
  </datafield>
  <datafield tag="690" ind1=" " ind2=" ">
    <subfield code="a">&#xE9;tudes d'intervention</subfield>
  </datafield>
  <datafield tag="690" ind1=" " ind2=" ">
    <subfield code="a">&#xE9;valuation des r&#xE9;sultats et des processus en soins de sant&#xE9;</subfield>
  </datafield>
  <datafield tag="690" ind1=" " ind2=" ">
    <subfield code="a">organisation des&#xA0;soins</subfield>
  </datafield>
  <datafield tag="690" ind1=" " ind2=" ">
    <subfield code="a">plan de recherche</subfield>
  </datafield>
  <datafield tag="690" ind1=" " ind2=" ">
    <subfield code="a">pratique professionnelle</subfield>
  </datafield>
  <datafield tag="690" ind1=" " ind2=" ">
    <subfield code="a">qualit&#xE9; des soins de sant&#xE9;</subfield>
  </datafield>
  <datafield tag="690" ind1=" " ind2=" ">
    <subfield code="a">intervention studies</subfield>
  </datafield>
  <datafield tag="690" ind1=" " ind2=" ">
    <subfield code="a">organization of care</subfield>
  </datafield>
  <datafield tag="690" ind1=" " ind2=" ">
    <subfield code="a">outcome and process assessment (health care)</subfield>
  </datafield>
  <datafield tag="690" ind1=" " ind2=" ">
    <subfield code="a">professional practice</subfield>
  </datafield>
  <datafield tag="690" ind1=" " ind2=" ">
    <subfield code="a">quality of health care</subfield>
  </datafield>
  <datafield tag="690" ind1=" " ind2=" ">
    <subfield code="a">research design</subfield>
  </datafield>
  <datafield tag="786" ind1="0" ind2=" ">
    <subfield code="n">Sant&#xE9; Publique | 26 | 4 | 2014-09-25 | p. 519-529 | 0995-3914</subfield>
  </datafield>
  <datafield tag="856" ind1="4" ind2="1">
    <subfield code="u">https://stm.cairn.info/revue-sante-publique-2014-4-page-519?lang=fr&amp;redirect-ssocas=7080</subfield>
  </datafield>
  <datafield tag="999" ind1=" " ind2=" ">
    <subfield code="c">2231447</subfield>
    <subfield code="d">2231447</subfield>
  </datafield>
</record>
